000 00200 a2200097 4500
001 30757
100 _aBradley, D
245 _aRailway's and Trains
260 _a
_bPurnell
_c
090 _c20689
_d20689
942 _aNUST-CAE
_cM
_c11879
999 _c265830
_d265830